[Event "Martinez Acosta mem-B corr"]
[Site "Argentina"]
[Date "1995.??.??"]
[Round "?"]
[White "Lubrano, Pietro"]
[Black "Piza, Daniel Ricardo"]
[Result "1-0"]
[WhiteElo "2370"]
[BlackElo "2143"]
[PlyCount "27"]
[EventDate "1995.11.??"]
[EventType "tourn (corr)"]
[EventRounds "16"]
[EventCountry "ARG"]
[EventCategory "4"]
[SourceTitle "Corr 2002"]
[Source "ChessBase"]
[SourceDate "2002.05.23"]
[SourceVersion "1"]
[SourceVersionDate "2002.05.23"]
[SourceQuality "1"]

1. e4 c5 2. Nf3 d6 3. d3 Nc6 4. g3 g6 5. Bg2 Bg7 6. 0-0 Nf6 7. c3 0-0 8. Nbd2 Rb8 9. a4 a6 10. Qe2 b5 11. axb5 axb5 12. d4 cxd4 13. Nxd4 Bg4 14. Bf3 1-0

[Event "Martinez Acosta mem-B corr"]
[Site "Argentina"]
[Date "1995.??.??"]
[Round "?"]
[White "Piza, Daniel Ricardo"]
[Black "Bericat, Angel Hugo"]
[Result "0-1"]
[WhiteElo "2143"]
[BlackElo "2507"]
[PlyCount "28"]
[EventDate "1995.11.??"]
[EventType "tourn (corr)"]
[EventRounds "16"]
[EventCountry "ARG"]
[EventCategory "4"]
[SourceTitle "Corr 2002"]
[Source "ChessBase"]
[SourceDate "2002.05.23"]
[SourceVersion "1"]
[SourceVersionDate "2002.05.23"]
[SourceQuality "1"]

1. e4 c6 2. d4 d5 3. exd5 cxd5 4. c4 Nf6 5. Nc3 Nc6 6. Bg5 Bg4 7. Be2 Bxe2 8. Ngxe2 dxc4 9. d5 Ne5 10. 0-0 Nfd7 11. Nd4 Nb6 12. Re1 Nd3 13. Ndb5 Nxe1 14. d6 f6 0-1

[Event "Martinez Acosta mem-B corr"]
[Site "Argentina"]
[Date "1995.??.??"]
[Round "?"]
[White "Piza, Daniel Ricardo"]
[Black "Morais, Gustavo Joao FS"]
[Result "0-1"]
[WhiteElo "2143"]
[BlackElo "2435"]
[PlyCount "38"]
[EventDate "1995.11.??"]
[EventType "tourn (corr)"]
[EventRounds "16"]
[EventCountry "ARG"]
[EventCategory "4"]
[SourceTitle "Corr 2002"]
[Source "ChessBase"]
[SourceDate "2002.05.23"]
[SourceVersion "1"]
[SourceVersionDate "2002.05.23"]
[SourceQuality "1"]

1. e4 c5 2. Nc3 Nc6 3. Nf3 g6 4. d4 cxd4 5. Nxd4 Bg7 6. Be3 Nf6 7. Bc4 Qa5 8. 0-0 0-0 9. Bb3 d6 10. h3 Bd7 11. f4 Nxd4 12. Bxd4 Bc6 13. Nd5 Bxd5 14. exd5 Rfe8 15. f5 Nh5 16. fxg6 hxg6 17. c4 Rf8 18. Bxg7 Nxg7 19. Qd4 Nf5 0-1

[Event "Martinez Acosta mem-B corr"]
[Site "Argentina"]
[Date "1995.??.??"]
[Round "?"]
[White "Prystenski, Arthur"]
[Black "Piza, Daniel Ricardo"]
[Result "1-0"]
[WhiteElo "2425"]
[BlackElo "2143"]
[PlyCount "25"]
[EventDate "1995.11.??"]
[EventType "tourn (corr)"]
[EventRounds "16"]
[EventCountry "ARG"]
[EventCategory "4"]
[SourceTitle "Corr 2002"]
[Source "ChessBase"]
[SourceDate "2002.05.23"]
[SourceVersion "1"]
[SourceVersionDate "2002.05.23"]
[SourceQuality "1"]

1. d4 Nf6 2. c4 e6 3. Nc3 c5 4. Nf3 cxd4 5. Nxd4 Bb4 6. g3 0-0 7. Bg2 d5 8. 0-0 dxc4 9. Qa4 Na6 10. Ndb5 Nd5 11. Rd1 Qe8 12. Qc2 Bd7 13. Nxd5 1-0

[Event "Lewkowitz mem-C corr9498"]
[Site "Argentina"]
[Date "1994.??.??"]
[Round "?"]
[White "Nielsen, Mogens"]
[Black "Piza, Daniel Ricardo"]
[Result "1/2-1/2"]
[WhiteElo "2375"]
[BlackElo "2140"]
[PlyCount "54"]
[EventDate "1994.??.??"]
[EventType "tourn (corr)"]
[EventRounds "16"]
[EventCountry "ARG"]
[EventCategory "7"]
[SourceTitle "Corr 2000"]
[Source "ChessBase"]
[SourceDate "2000.04.19"]
[SourceVersion "1"]
[SourceVersionDate "2000.04.19"]
[SourceQuality "1"]

1. e4 e6 2. d4 d5 3. Nc3 Nf6 4. Bg5 dxe4 5. Nxe4 Be7 6. Bxf6 Bxf6 7. Nf3 0-0 8. Qd3 Nd7 9. h4 c5 10. Nfg5 h6 11. Nh7 Re8 12. Nd6 Re7 13. Nxf6+ Nxf6 14. dxc5 Qa5+ 15. Qd2 Qxc5 16. Rh3 Qe5+ 17. Be2 Qxb2 18. Qc3 Qxc3+ 19. Rxc3 Bd7 20. Nxb7 Ne4 21. Re3 Rb8 22. Rxe4 Rxb7 23. 0-0-0 e5 24. f4 Bc6 25. Rd8+ Kh7 26. Bd3 g6 27. Rxe5 Bxg2 1/2-1/2

[Event "Lewkowitz mem-C corr9498"]
[Site "Argentina"]
[Date "1994.??.??"]
[Round "?"]
[White "Piza, Daniel Ricardo"]
[Black "Flores Gutierrez, Carlos"]
[Result "0-1"]
[WhiteElo "2140"]
[BlackElo "2375"]
[PlyCount "96"]
[EventDate "1994.??.??"]
[EventType "tourn (corr)"]
[EventRounds "16"]
[EventCountry "ARG"]
[EventCategory "7"]
[SourceTitle "Corr 2000"]
[Source "ChessBase"]
[SourceDate "2000.04.19"]
[SourceVersion "1"]
[SourceVersionDate "2000.04.19"]
[SourceQuality "1"]

1. e4 c5 2. Nf3 d6 3. d4 cxd4 4. Nxd4 Nf6 5. Nc3 a6 6. Be3 e5 7. Nf3 Qc7 8. a4 Be7 9. a5 0-0 10. Be2 Nc6 11. Bb6 Qd7 12. Nd2 d5 13. Nxd5 Nxd5 14. exd5 Qxd5 15. 0-0 Be6 16. c3 Bd8 17. Nc4 Bxb6 18. Nxb6 Qxd1 19. Rfxd1 Rad8 20. b4 f5 21. Na4 Rxd1+ 22. Bxd1 Ne7 23. Nc5 Bd5 24. Ba4 e4 25. Rd1 Kf7 26. Rxd5 Nxd5 27. Bb3 Rd8 28. Nxb7 Rd7 29. Nc5 Rd6 30. Nxa6 Ke7 31. b5 f4 32. b6 Nxb6 33. axb6 Rxb6 34. Nb4 Kd6 35. Bc2 Ke6 36. f3 e3 37. g3 Rd6 38. Nd3 Kd5 39. Bb3+ Kc6 40. Nxf4 Rd2 41. h4 Kd6 42. Bc4 Rd1+ 43. Bf1 Rb1 44. Kg2 Rb2+ 45. Be2 Rc2 46. c4 h6 47. h5 Ke5 48. Kh3 Kd4 0-1

[Event "Lewkowitz mem-C corr9498"]
[Site "Argentina"]
[Date "1994.??.??"]
[Round "?"]
[White "Piza, Daniel Ricardo"]
[Black "Nalepa, Barry K"]
[Result "0-1"]
[WhiteElo "2140"]
[BlackElo "2365"]
[PlyCount "56"]
[EventDate "1994.??.??"]
[EventType "tourn (corr)"]
[EventRounds "16"]
[EventCountry "ARG"]
[EventCategory "7"]
[SourceTitle "Corr 2000"]
[Source "ChessBase"]
[SourceDate "2000.04.19"]
[SourceVersion "1"]
[SourceVersionDate "2000.04.19"]
[SourceQuality "1"]

1. e4 c5 2. Nf3 d6 3. d4 cxd4 4. Nxd4 Nf6 5. Nc3 e6 6. Be3 a6 7. Qd2 b5 8. f3 Bb7 9. a4 bxa4 10. Rxa4 Nbd7 11. Nb3 Bc8 12. Be2 Nb6 13. Ra2 Qc7 14. Qd4 Nfd7 15. 0-0 Nc5 16. Rd1 e5 17. Qd2 Ncd7 18. Kh1 Qc6 19. Na5 Qc7 20. Nd5 Nxd5 21. Qxd5 Rb8 22. Nc4 Bb7 23. Nxd6+ Bxd6 24. Qxd6 Qxd6 25. Rxd6 Ke7 26. Rd1 Rhc8 27. c3 Rc6 28. Rd5 f6 0-1